000 00509nam a2200157 4500
001 132423
003 ES-MaACL
007 t|
008 070214s1930 sp r ||||1| spa d
100 1 _aRollin, León.
_999191
245 1 3 _aEl imperio de una sombra
_b: (Monroe y la América Latina) /
_cLeón Rollin ; traducción del francés por Javier Bueno.
260 _aMadrid :
_b[s.n.],
_c1930 (
_fGráf. Socialista)
300 _a256 p. ;
_c19 cm.
700 1 _aBueno, Javier.
_932376
852 _aES-MaACL
_jB-9062
999 _c132423
_d132423